000 00633nam a22002417a 4500
008
020 _a1873929099 (pbk)
049 _aMAIN
090 _aHF1008
_bHAL
100 1 _aHall, Dave.
245 1 0 _aBusiness studies /
_cDave Hall, Rob Jones, Carlo Raffo.
260 _aOrmskirk :
_bCauseway,
_c1993.
300 _avi, 553 p.
653 0 _aBusiness studies
700 1 _aJones, Rob.
700 1 _aRaffo, Carlo.
700 1 _aChambers, Ian.
907 _a.b10051193
_b15-05-13
_c17-04-03
003
005 20230123134004.0
040 _cNUST
942 _cBOOKS
_kHF1008
_mHAL
999 _c158094
_d158094